000 00648nam a2200241Ia 4500
003 OSt
005 20221005060438.0
006 a|||||r|||| 00| 0
007 ta
008 221004b |||||||| |||| 00| 0 eng d
024 _a23255
037 _cTextual
040 _aCRL
_cCRL
_beng
041 _2eng
_aeng
082 _aX.1, J6;2
100 _aMyrdal Gunnar
245 0 _aInternational economy
_b Problems and prospects
260 _aLondon
_bRoutledge & Kegan Paul Ltd U. K.
_c1956
300 _a381p.
_ccm.
650 _aECONOMIC POLICY - WORLD
942 _hX.1, J6;2
_cTEXL
_2cc
999 _c966707
_d966707